| 000 | 00000nam##2200000za#4500 |
| 001 | 9.608263 |
| 003 | CaOODSP |
| 005 | 20210624213535 |
| 007 | cr ||||||||||| |
| 008 | 150406|2007||||xxc|||||o f|0| 0 fre|d |
| 040 | |aCaOODSP|bfre |
| 043 | |an-cn--- |
| 086 | 1 |aSC102-1/14-1-2007F-MP3 |
| 110 | 2 |aÉcole de la fonction publique du Canada. |
| 245 | 10|aSession préparatoire 1. Fichier audio |h[ressource électronique] |
| 260 | |aOttawa - Ontario : |bÉcole de la fonction publique du Canada |c2007. |
| 300 | |aDurée : 00:27:48 |
| 490 | 1 |aProgramme de français langue seconde - Niveau C. Fichier audio |
| 500 | |aTitre de l'édition imprimée et du catalogueur. Fichiers audio qui accompagnent la version imprimée et électronique de ce titre. |
| 590 | |a15-01-Supp|b2015-01-26 |
| 590 | |a14-52-Supp|b2014-08-22 |
| 830 | #0|aProgramme de français langue seconde - Niveau C. Fichier audio.|w(CaOODSP)9.504339 |
| 856 | 40|ahttp://publications.gc.ca|qMP3|s2.76 Mo|uhttps://publications.gc.ca/collections/collection_2015/efpc-csps/SC102-1-14-1-5-1-2007-fra.mp3 |
| 856 | 40|ahttp://publications.gc.ca|qMP3|s3.09 Mo|uhttps://publications.gc.ca/collections/collection_2015/efpc-csps/SC102-1-14-1-5-7-2007-fra.mp3 |
| 856 | 40|ahttp://publications.gc.ca|qMP3|s2.85 Mo|uhttps://publications.gc.ca/collections/collection_2015/efpc-csps/SC102-1-14-1-13-1-2007-fra.mp3 |
| 856 | 40|ahttp://publications.gc.ca|qMP3|s4.41 Mo|uhttps://publications.gc.ca/collections/collection_2015/efpc-csps/SC102-1-14-1-48-4-2007-fra.mp3 |
| 856 | 40|ahttp://publications.gc.ca|qMP3|s5.89 Mo|uhttps://publications.gc.ca/collections/collection_2015/efpc-csps/SC102-1-14-1-48-8-2007-fra.mp3 |
| 856 | 40|ahttp://publications.gc.ca|qMP3|s7.06 Mo|uhttps://publications.gc.ca/collections/collection_2015/efpc-csps/SC102-1-14-1-48-3-2007-fra.mp3 |
| 856 | 40|ahttp://publications.gc.ca|qMP3|s3.65 Mo|uhttps://publications.gc.ca/collections/collection_2015/efpc-csps/SC102-1-14-1-48-7-2007-fra.mp3 |
| 856 | 40|ahttp://publications.gc.ca|qMP3|s4.73 Mo|uhttps://publications.gc.ca/collections/collection_2015/efpc-csps/SC102-1-14-1-48-6-2007-fra.mp3 |
| 856 | 40|ahttp://publications.gc.ca|qMP3|s3.72 Mo|uhttps://publications.gc.ca/collections/collection_2015/efpc-csps/SC102-1-14-1-5-5-2007-fra.mp3 |
| 856 | 40|ahttp://publications.gc.ca|qMP3|s2.48 Mo|uhttps://publications.gc.ca/collections/collection_2015/efpc-csps/SC102-1-14-1-5-6-2007-fra.mp3 |
| 856 | 40|ahttp://publications.gc.ca|qMP3|s2.77 Mo|uhttps://publications.gc.ca/collections/collection_2015/efpc-csps/SC102-1-14-1-5-2-2007-fra.mp3 |
| 856 | 40|ahttp://publications.gc.ca|qMP3|s3.01 Mo|uhttps://publications.gc.ca/collections/collection_2015/efpc-csps/SC102-1-14-1-13-2-2007-fra.mp3 |
| 856 | 40|ahttp://publications.gc.ca|qMP3|s4.68 Mo|uhttps://publications.gc.ca/collections/collection_2015/efpc-csps/SC102-1-14-1-48-2-2007-fra.mp3 |